Použitie multiplikátorov v leteckej doprave
Vplyv leteckej dopravy na svetovú ekonomiku, vyjadrený prostredníctvom podielu na hrubom domácom produkte. Metodika troch multiplikátorov – bežný multiplikátor leteckej dopravy, rozšírený multiplikátor leteckej dopravy a výkonový multiplikátor leteckej dopravy – a rozdiely ich hodnôt v jednotlivých...
Uložené v:
| Hlavný autor: | |
|---|---|
| Médium: | Kapitola |
| Jazyk: | Slovak |
| Predmet: | |
| Tagy: |
Žiadne tagy, Buďte prvý, kto otaguje tento záznam!
|
MARC
| LEADER | 00000naa a2200000 4500 | ||
|---|---|---|---|
| 001 | 0149613 | ||
| 005 | 20240502072705.1 | ||
| 041 | 0 | |a slo | |
| 044 | |a SK | ||
| 245 | 1 | 0 | |a Použitie multiplikátorov v leteckej doprave |c Martin Grančay |
| 520 | |a Vplyv leteckej dopravy na svetovú ekonomiku, vyjadrený prostredníctvom podielu na hrubom domácom produkte. Metodika troch multiplikátorov – bežný multiplikátor leteckej dopravy, rozšírený multiplikátor leteckej dopravy a výkonový multiplikátor leteckej dopravy – a rozdiely ich hodnôt v jednotlivých regiónoch sveta. Význam indukovaných aj katalytických dopadov leteckej dopravy klesá so zvyšujúcim sa stupňom saturácie leteckého trhu. | ||
| 610 | 2 | 0 | |a hospodárstvo svetové |
| 610 | 2 | 0 | |a doprava letecká |
| 610 | 2 | 0 | |a doprava letecká medzinárodná |
| 610 | 2 | 0 | |a multiplikátor |
| 610 | 2 | 0 | |a produkt domáci hrubý |
| 100 | 1 | |a Grančay, Martin, 1984-2024 | |